<?xml version="1.0" encoding="utf-8"?>
<?xml-stylesheet type='text/xsl' href='./oai2.xsl'?>
<OAI-PMH xmlns="http://www.openarchives.org/OAI/2.0/" xmlns:xsi="http://www.w3.org/2001/XMLSchema-instance" xsi:schemaLocation="http://www.openarchives.org/OAI/2.0/ http://www.openarchives.org/OAI/2.0/OAI-PMH.xsd">
  <responseDate>2026-04-18T18:17:18Z</responseDate>
  <request verb="GetRecord" metadataPrefix="marcxml" identifier="PBA_TB_Frank_1984bis1984_001">https://archiv.pfaffenberg.site/viewer/oai</request>
  <GetRecord>
    <record>
      <header>
        <identifier>PBA_TB_Frank_1984bis1984_001</identifier>
        <datestamp>2026-04-12T14:20:31Z</datestamp>
        <setSpec>DC:pfaffenbergarchivdigital</setSpec>
      </header>
      <metadata>
        <marc:record xmlns:marc="http://www.loc.gov/MARC21/slim" xsi:schemaLocation="http://www.loc.gov/MARC21/slim http://www.loc.gov/standards/marcxml/schema/MARC21slim.xsd">
          <marc:leader>12345nm  22     uu 4500</marc:leader>
          <marc:controlfield tag="001">PBA_TB_Frank_1984bis1984_001</marc:controlfield>
          <marc:controlfield tag="003">gbv-ppn</marc:controlfield>
          <marc:controlfield tag="008">s           |||||||||||||||||deu||</marc:controlfield>
          <marc:datafield tag="500" ind1=" " ind2=" ">
            <marc:subfield code="a">Grabungstagebuch Frank der Ausgrabungen auf dem Pfaffenberg in den Jahren 1984 bis 1984 in Carnuntum Hainburg a.d. Donau</marc:subfield>
          </marc:datafield>
          <marc:datafield tag="260" ind1=" " ind2=" ">
            <marc:subfield code="a">Pfaffenberg, Carnuntum, Hainburg a.d. Donau</marc:subfield>
            <marc:subfield code="c">1984</marc:subfield>
          </marc:datafield>
          <marc:datafield tag="245" ind1="1" ind2="0">
            <marc:subfield code="a">PBA_TB_Frank_1984bis1984_001</marc:subfield>
          </marc:datafield>
          <marc:datafield tag="130" ind1="0" ind2=" ">
            <marc:subfield code="a">PBA_TB</marc:subfield>
          </marc:datafield>
          <marc:datafield tag="852" ind1=" " ind2=" ">
            <marc:subfield code="a">Pfaffenberg Archiv, Hainburg a.d. Donau</marc:subfield>
          </marc:datafield>
          <marc:datafield tag="720" ind1=" " ind2=" ">
            <marc:subfield code="a">TREVENTUS Mechatronics GmbH</marc:subfield>
          </marc:datafield>
          <marc:datafield tag="260" ind1=" " ind2=" ">
            <marc:subfield code="a">Wien</marc:subfield>
          </marc:datafield>
          <marc:datafield tag="500" ind1=" " ind2=" ">
            <marc:subfield code="a">ScanRobot 2.0 (T64)</marc:subfield>
          </marc:datafield>
          <marc:datafield tag="500" ind1=" " ind2=" ">
            <marc:subfield code="a">https://www.treventus.com/
            
              Hardware: ScanRobot, Software: ScanGate v3.15</marc:subfield>
          </marc:datafield>
          <marc:datafield tag="773" ind1="0" ind2=" ">
            <marc:subfield code="t">Pfaffenberg Archiv Dokumentation Handschriften Tagebuecher Fundjournale Plaene Zeichnungen Interpretationen@de</marc:subfield>
            <marc:subfield code="h">55 Handschriften</marc:subfield>
            <marc:subfield code="n">https://vocabs.acdh.oeaw.ac.at/archelifecyclestatus/active</marc:subfield>
            <marc:subfield code="n">Handschriftliche Dokumentation, Beschreibung und Interpretation von Ausgrabungen.@de</marc:subfield>
            <marc:subfield code="n">Werner Jobst, Pfaffenberg Archiv</marc:subfield>
            <marc:subfield code="o">https://archiv.pfaffenberg.site/pba_sammlung/</marc:subfield>
            <marc:subfield code="w">PBA</marc:subfield>
            <marc:subfield code="n">https://vocabs.acdh.oeaw.ac.at/archelifecyclestatus/active</marc:subfield>
            <marc:subfield code="n">Handschriftliche Dokumentation, Beschreibung und Interpretation von Ausgrabungen.@de</marc:subfield>
            <marc:subfield code="n">Werner Jobst, Pfaffenberg Archiv</marc:subfield>
          </marc:datafield>
          <marc:datafield tag="720" ind1=" " ind2=" ">
            <marc:subfield code="a">https://orcid.org/0000-0001-5937-8858</marc:subfield>
          </marc:datafield>
          <marc:datafield tag="773" ind1="0" ind2=" ">
            <marc:subfield code="a">Markus Jobst, office@jobstmedia.at</marc:subfield>
          </marc:datafield>
          <marc:datafield tag="300" ind1=" " ind2=" ">
            <marc:subfield code="a">84</marc:subfield>
          </marc:datafield>
          <marc:datafield tag="520" ind1=" " ind2=" ">
            <marc:subfield code="a">Grabungstagebuch Frank der Ausgrabungen auf dem Pfaffenberg in den Jahren 1984 bis 1984 in Carnuntum Hainburg a.d. Donau</marc:subfield>
          </marc:datafield>
          <marc:datafield tag="255" ind1=" " ind2=" ">
            <marc:subfield code="c">SRID=4326;POINT(16.91915 48.13337)</marc:subfield>
            <marc:subfield code="c">SRID=4326;POLYGON((16.91790 48.13220, 16.92059 48.13220, 16.92059 48.13396, 16.91790 48.13396, 16.91790 48.13220))</marc:subfield>
          </marc:datafield>
          <marc:datafield tag="250" ind1=" " ind2=" ">
            <marc:subfield code="a">[Electronic ed.]</marc:subfield>
          </marc:datafield>
          <marc:datafield tag="260" ind1=" " ind2=" ">
            <marc:subfield code="a">Hainburg a.d. Donau</marc:subfield>
            <marc:subfield code="b">Pfaffenberg Archiv</marc:subfield>
          </marc:datafield>
          <marc:datafield tag="720" ind1=" " ind2=" ">
            <marc:subfield code="a">Frank</marc:subfield>
          </marc:datafield>
          <marc:datafield tag="720" ind1=" " ind2=" ">
            <marc:subfield code="a">Aigner</marc:subfield>
          </marc:datafield>
          <marc:datafield tag="720" ind1=" " ind2=" ">
            <marc:subfield code="a">Karches</marc:subfield>
          </marc:datafield>
          <marc:datafield tag="720" ind1=" " ind2=" ">
            <marc:subfield code="a">Jobst</marc:subfield>
          </marc:datafield>
          <marc:datafield tag="720" ind1=" " ind2=" ">
            <marc:subfield code="a">Jobst</marc:subfield>
          </marc:datafield>
          <marc:datafield tag="720" ind1=" " ind2=" ">
            <marc:subfield code="a">(Hainburg an der Donau)</marc:subfield>
          </marc:datafield>
          <marc:datafield tag="720" ind1=" " ind2=" ">
            <marc:subfield code="a">Jobst</marc:subfield>
          </marc:datafield>
          <marc:datafield tag="720" ind1=" " ind2=" ">
            <marc:subfield code="a">Jobst</marc:subfield>
          </marc:datafield>
          <marc:datafield tag="720" ind1=" " ind2=" ">
            <marc:subfield code="a">Jobst</marc:subfield>
          </marc:datafield>
          <marc:datafield tag="720" ind1=" " ind2=" ">
            <marc:subfield code="a">Stadtmuseum Wienertor Hainburg</marc:subfield>
          </marc:datafield>
          <marc:datafield tag="887" ind1=" " ind2=" ">
            <marc:subfield code="a">false</marc:subfield>
          </marc:datafield>
          <marc:datafield tag="500" ind1=" " ind2=" ">
            <marc:subfield code="a">Hainburg a.d. Donau</marc:subfield>
          </marc:datafield>
        </marc:record>
      </metadata>
    </record>
  </GetRecord>
</OAI-PMH>
